| LEADER | 00000nam a2200000 i 4500 | ||
|---|---|---|---|
| 001 | 115589 | ||
| 003 | CZ ZlUTB | ||
| 005 | 20260505133930.0 | ||
| 007 | ta | ||
| 008 | 251118s2025 xr f 001 0 cze | ||
| 015 | |a cnb003720640 | ||
| 020 | |a 978-80-7502-822-8 |q (brožováno) | ||
| 040 | |a ABA001 |b cze |d OLA001 |e rda | ||
| 041 | 0 | |a cze |b cze |b eng | |
| 043 | |a e-xr--- | ||
| 045 | |a x-y- | ||
| 072 | 7 | |a 34 |x Právo |2 Konspekt |9 16 | |
| 080 | |a 34-051 |2 MRF | ||
| 080 | |a 378.011.3-051 |2 MRF | ||
| 080 | |a 342 |2 MRF | ||
| 080 | |a 34:316.3 |2 MRF | ||
| 080 | |a 34:32 |2 MRF | ||
| 080 | |a (437.3) |2 MRF | ||
| 080 | |a (048.8:082) |2 MRF | ||
| 245 | 0 | 0 | |a Společnost, moc a právo / |c Aleš Gerloch, Martin Koloušek (eds.) |
| 250 | |a Vydání první | ||
| 264 | 1 | |a Praha : |b Leges, |c 2025 | |
| 300 | |a 159 stran ; |c 21 cm | ||
| 336 | |a text |b txt |2 rdacontent | ||
| 337 | |a bez média |b n |2 rdamedia | ||
| 338 | |a svazek |b nc |2 rdacarrier | ||
| 490 | 1 | |a Teoretik | |
| 500 | |a Chronologický přehled | ||
| 504 | |a Obsahuje bibliografie, bibliografické odkazy a rejstřík | ||
| 546 | |a Česká a anglická resumé | ||
| 600 | 1 | 7 | |a Šamalík, František, |d 1923-2008 |7 jk01122456 |2 czenas |
| 648 | 7 | |a 20.-21. století |7 ch462155 |2 czenas | |
| 650 | 0 | 7 | |a právníci |7 ph124721 |z Česko |y 20.-21. století |2 czenas |
| 650 | 0 | 7 | |a vysokoškolští učitelé |7 ph127282 |z Česko |y 20.-21. století |2 czenas |
| 650 | 0 | 7 | |a ústavní právo |7 ph116908 |2 czenas |
| 650 | 0 | 7 | |a právo a společnost |7 ph423580 |2 czenas |
| 650 | 0 | 7 | |a právo a politika |7 ph137006 |2 czenas |
| 650 | 0 | 9 | |a lawyers |z Czechia |y 20th-21st centuries |2 eczenas |
| 650 | 0 | 9 | |a college teachers |z Czechia |y 20th-21st centuries |2 eczenas |
| 650 | 0 | 9 | |a constitutional law |2 eczenas |
| 650 | 0 | 9 | |a law and society |2 eczenas |
| 650 | 0 | 9 | |a law and politics |2 eczenas |
| 655 | 7 | |a kolektivní monografie |7 fd501537 |2 czenas | |
| 655 | 7 | |a jubilejní publikace |7 fd131839 |2 czenas | |
| 655 | 9 | |a collective monographs |2 eczenas | |
| 655 | 9 | |a jubilee books |2 eczenas | |
| 700 | 1 | |a Gerloch, Aleš, |d 1955- |7 jn20000400769 |4 edt | |
| 700 | 1 | |a Koloušek, Martin |7 xx0276628 |4 edt | |
| 710 | 2 | |a Nakladatelství Leges |7 xx0226857 |4 pbl | |
| 830 | 0 | |a Teoretik | |
| 910 | |a ZLD002 | ||
| 942 | |2 udc | ||
| 952 | |0 0 |1 0 |4 0 |6 34SPOLEČNOST |7 0 |8 BOOK |9 191005 |a UTBZL |b UTBZL |c 006 |d 2026-05-05 |l 0 |o 34/SPOLEČNOST |p 420010201922 |r 2026-05-05 13:40:09 |v 320.00 |w 2026-05-05 |x N:nákup |y 04 | ||
| 992 | |a BK |b SKNEW | ||
| 999 | |c 115589 |d 115589 | ||